Apuntes de elementos de hacienda pública : curso 1915 a 1916 / según las explicaciones del profesor José María Boix curso 1915 a 1916 / según las explicaciones del profesor José María Boix
Descripción Física:
289 p. ; 23 cm
MARC
| LEADER | 00000nam a2200000Ia 4500 | ||
|---|---|---|---|
| 001 | 18695 | ||
| 008 | 160829s9999 xx 000 0 cat d | ||
| 080 | |a M-5-370 | ||
| 100 | |a Boix i Raspall, Josep M. |9 38380 | ||
| 245 | |a Apuntes de elementos de hacienda pública : |b curso 1915 a 1916 / según las explicaciones del profesor José María Boix | ||
| 260 | |a Barcelona : |b Julio Torellas, [1916] | ||
| 300 | |a 289 p. ; |c 23 cm | ||
| 590 | |a Prové de 3266 | ||
| 650 | 0 | |a Finances públiques |9 24447 | |
| 650 | |a Boix i Raspall, Josep M. |x Quaderns d'apunts, d'esbossos, etc. |9 38381 | ||
| 901 | |a Arxiu | ||
| 942 | |n 1 | ||
| 952 | |0 0 |1 0 |4 0 |6 M5370 |7 1 |9 48390 |a Arxiu |b Arxiu |d 2016-12-01 |l 0 |o M-5-370 |p 18695 |r 2016-12-01 00:00:00 |w 2016-12-01 |y ARXIU | ||
| 999 | |c 52218 |d 52218 | ||